Statistics for All Chinese warlords from 1916 to the mid 1930s

Click here to take the quiz!

General Stats

  • This quiz has been taken 3 times
  • The average score is 8 of 13

Answer Stats

Answer% Correct
Anhui clique
100%
Hunan
100%
Zhili clique
100%
Guangdong
67%
Guangxi clique
67%
Ma clique
67%
Shanxi clique
67%
Sichuan clique
67%
Fengtian clique
33%
Guizhou
33%
Guominjun
33%
Xinjiang clique
33%
Yunnan clique
33%

Score Distribution

Percentile by Number Answered

Percent of People with Each Score

Your Score History

You have not taken this quiz